00418nam a2200193Ia 4500003000900000008004100009040001300050040001300063041000800076100002800084245002600112250001100138260001400149260000900163300001100172300001000183490002300193490000800216IT-RoPAU120407s9999 xx 000 0 und d aIT-RoPAU cIT-RoPAU aita aMarie-Joseph Le Guillou aIl mistero del Padre. aMilano aJaca Book c1979 a250 p. c23 cm aGià e non ancora v144